LEADER 01265nam a2200301 u 4500 001 000000042163 003 CaOOAMICUS 005 20070226114309.0 008 990223s1977 it u000 u ita u 035 $a10815061 040 $aPUL(R)$bita 041 1 $aita$hger 245 03$aIl ruolo sociale della religione :$bsaggi e conversazioni /$cDorothee Sölle [et al.] ; editoriale di Franco Demarchi ; traduzione dal tedesco di Gerardo Cunico. 260 $aBrescia :$bQueriniana,$c1977. 300 $a254 p. ;$c20 cm 490 1 $aGiornale di teologia ;$v100 650 4$aSociologia e religione.$0(OLS)http://pul/subject/15539 700 1 $aSölle, Dorothee.$0(OLS)http://pul/name/11119 700 1 $aDemarchi, Franco,$d1921-$0(OLS)http://pul/name/30980 700 1 $aCunico, Gerardo,$d1949-$0(OLS)http://pul/name/12893 830 0$aGiornale di teologia ;$v100.$0(OLS)http://pul/title/9027 850 $aPUL 852 $aPUL$W1$xSL Religione 3$y85$m200 GDT 1.100$j57041$nBK-PRI$qDDC 21$B57041$CPULBib$Z2$F57041 $82 941 1 $a9 961 $aINV: 44466 983 0$aGdT. 996 $6245$aIl ruolo sociale della religione :$bsaggi e conversazioni$9(OLS)http://pul/title/56873 996 $6260$aBrescia :$bQueriniana$9(OLS)http://pul/publisher/47906 LEADER 01644nam a2200373 a 4500 001 000000126341 003 CaOOAMICUS 005 20111019140846.0 008 110916s2011 it af u000 u ita r 020 $a978-88-10-40165-1 040 $aPUL$bita 082 04$a241 082 04$a234.5 245 00$aCredo la remissione dei peccati /$ca cura di Giovanni Giorgio e Maria Pastrello. 260 $aBologna :$bEDB,$cİ2011. 300 $a226 p., [4] p. di tav. :$bill. ;$c21 cm 490 1 $aBiblioteca di ricerche teologiche ;$v9 504 $aBibliografia in nota. 630 04$aCredo.$0(OLS)http://pul/subject/35522 650 4$aPeccato.$0(OLS)http://pul/subject/5639 650 4$aConfessione.$0(OLS)http://pul/subject/3061 700 1 $aPastrello, Maria.$0(OLS)http://pul/name/35312 700 1 $aGiorgio, Giovanni,$csacerdote,$d1961-$0(OLS)http://pul/name/31222 830 0$aBiblioteca di ricerche teologiche ;$v9.$0(OLS)http://pul/title/132677 850 $aPUL 852 $aPUL$W1$xSL Religione 3$y85$m241 GIOGI 1$j145787$qDDC 21$B144603$CPULBib$Z2$F144603 $H118009 $82 852 $aPUL$W1$xSL Religione 3$y85$m234. 5 GIOGI 1$j146354$a2. copia$qDDC 21$B145065$CPULBib$Z2$F145065 $H118191 $82 941 1 $a9 996 $6020$a978-88-10-40165-1$9(OLS)http://pul/number/147977 996 $6082$a241$9(OLS)http://pul/classification/246 996 $6082$a234.5$9(OLS)http://pul/classification/2118 996 $6245$aCredo la remissione dei peccati$9(OLS)http://pul/title/159557 996 $6260$aBologna :$bEDB$9(OLS)http://pul/publisher/56073